| 000 | 00413nam a22001697a 4500 | ||
|---|---|---|---|
| 003 | CEME | ||
| 005 | 20210628201818.0 | ||
| 008 | 201230b xxu||||| |||| 00| 0 eng d | ||
| 020 | _a9780070656963 | ||
| 040 | _cCEME | ||
| 082 | _a620.1126 KUM | ||
| 100 |
_aKumar, Prashant _956939 |
||
| 245 | _aElements of fracture mechanics | ||
| 260 |
_aINDIA _bTATA MCGRAW _c2009 |
||
| 300 | _aXVI, 273P | ||
| 942 |
_cBK _2ddc |
||
| 999 |
_c567254 _d567254 |
||